The social entrepreneur revolution: (Record no. 13484)

MARC details
000 -LEADER
fixed length control field 00628nam a22002057a 4500
001 - CONTROL NUMBER
control field 13484
005 - DATE AND TIME OF LATEST TRANSACTION
control field 20260224085512.0
008 - FIXED-LENGTH DATA ELEMENTS--GENERAL INFORMATION
fixed length control field 260224b |||||||| |||| 00| 0 eng d
020 ## - INTERNATIONAL STANDARD BOOK NUMBER
International Standard Book Number 9781905736423
040 ## - CATALOGING SOURCE
Original cataloging agency BSULIB
082 ## - DEWEY DECIMAL CLASSIFICATION NUMBER
Edition number 22
Classification number 658.4
Item number CLA
100 ## - MAIN ENTRY--PERSONAL NAME
Personal name Clark, Martin.
9 (RLIN) 26305
245 ## - TITLE STATEMENT
Title The social entrepreneur revolution:
Remainder of title doing good by making money, making money by doing good/
Statement of responsibility, etc Martin Clark
250 ## - EDITION STATEMENT
Edition statement 1st ed.
260 ## - PUBLICATION, DISTRIBUTION, ETC. (IMPRINT)
Place of publication, distribution, etc London:
Name of publisher, distributor, etc Marshall cavendish,
Date of publication, distribution, etc 2009.
300 ## - PHYSICAL DESCRIPTION
Extent ix, 192P.:
Other physical details ill.;
Dimensions 20cm.
500 ## - GENERAL NOTE
General note Includes bibliographical references
650 ## - SUBJECT ADDED ENTRY--TOPICAL TERM
Source of heading or term Entreprenuership
942 ## - ADDED ENTRY ELEMENTS (KOHA)
Source of classification or shelving scheme Dewey Decimal Classification
Item type Books
Holdings
Withdrawn status Lost status Source of classification or shelving scheme Damaged status Not for loan Home library Current library Shelving location Date acquired Source of acquisition Total Checkouts Full call number Barcode Date last seen Copy number Price effective from Koha item type Public note
    Dewey Decimal Classification     Main Library Main Library Reserve Book Section 24/02/2026 Donation   658.4 CLA bsu26020482 24/02/2026 001 24/02/2026 Books Material available in hard copy

© 2017 Bishop Stuart University Library. All Rights Reserved.
Kakoba Campus, Plot 150 Buremba Road | P.O. Box 9, Mbarara, UGANDA | Tel: +256-772-463068
Email: library@bsu.ac.ug